01622cam a22003977a 4500003000500000005001700005008004100022010001000063011001000073035001000083040000900093090001000102100004500112245014400157260004000301300001900341502006900360590003700429590004100466590004100507590004100548590004100589590004200630650003200672650003800704650003600742650002600778650002200804901000700826942000900833949004300842949005500885999001700940952013900957952012801096CHAP20220329135614.0971013s1994 r 00010 d a39202 a40174 a44299 cCHAP aTesis00aPérez Bernabé, Julio César.989538 0aEfecto de la micorriza vesículo-arbuscular sobre el enraizamiento de esquejes de la planta de crisantemo (Chrysanthemum morifolium Ramat) aChapingo, Méx. :bEl autor,c1994 a73 h.b: ilus. aTesis (Ing. Agr. Esp. en Suelos) -- UACH. Departamento de Suelos aALEPHb10c20130110lUCH01h1306 aBATCH-UPDb10c20130110lUCH01h1702 aBATCH-UPDb10c20130410lUCH01h1050 aBATCH-UPDb10c20130914lUCH01h0341 aBATCH-UPDb10c20130914lUCH01h2120 aCONVERSIONb10c20130109lUCH01h132214aAcido indolbutírico.959014aCrisantemoxPropagación.92896514aDendranthema morifolium.93176914aEnraizamiento.93701314aMicorriza.975486 aBK cFOLL bBCcTESd-101500eTS1h27688i44299si bBCcTESd33724000004800eTS2fc.2h27689i44299si c39202d39202 00102local4053708TESISaBCbBCcPA_TESISd2019-12-31fFOLLl0oTesisp33724000004800r2019-12-31 00:00:00tc.2w2019-12-31yTESIS 00102local4051708TESISaBCbBCcPA_TESISd2019-12-31fTESISl0oTesisp-101500r2019-12-31 00:00:00w2019-12-31yTESIS